Az elfeledett esztétika

In dem wissenschaftlichen Lebenswerk von Sándor Sík kann man die "Ästhetik" (Esztétika) als sein Hauptwerk betrachten, wo er seine Ansichten in seiner Professorenlaufbahn ausgebildet zu einem System zusammenfasste. Er verwendete dazu die Aufzeichnungen seiner literarhistorischen Vorlesunge...

Teljes leírás

Elmentve itt :
Bibliográfiai részletek
Szerző: Farkas Andrea
Dokumentumtípus: Cikk
Megjelent: 1989
Sorozat:Acta historiae litterarum hungaricarum 23
Kulcsszavak:Sík Sándor, Magyar irodalom története 20. sz., Műelemzés irodalmi magyar 20. sz., Irodalomtudomány
Online Access:http://acta.bibl.u-szeged.hu/995
LEADER 01442nab a2200193 i 4500
001 acta995
005 20210420110440.0
008 161015s1989 hu o 0|| hun d
022 |a 0586-3708 
040 |a SZTE Egyetemi Kiadványok Repozitórium  |b hun 
041 |a hun 
100 1 |a Farkas Andrea 
245 1 3 |a Az elfeledett esztétika  |h [elektronikus dokumentum] /  |c  Farkas Andrea 
260 |c 1989 
300 |a 56-59 
490 0 |a Acta historiae litterarum hungaricarum  |v 23 
520 3 |a In dem wissenschaftlichen Lebenswerk von Sándor Sík kann man die "Ästhetik" (Esztétika) als sein Hauptwerk betrachten, wo er seine Ansichten in seiner Professorenlaufbahn ausgebildet zu einem System zusammenfasste. Er verwendete dazu die Aufzeichnungen seiner literarhistorischen Vorlesungen und Seminarstunden, sogar auch die Bemerkungen seiner Studenten einbezogen. Es ist verständlich, dass das Werk keine einheitliche philosophische Grundlegung verkörpert. Sein Wert besteht darin, dass er ~ ausser seiner historischen Übersicht die Ästhetik betreffend — mehrere moderne philosophische Richtungen seiner Zeit einbaut, so auch die Intuitionslehre von Bergson, die Ansichten von Heidegger, Jaspers und die neukantianische Werttheorie. 
695 |a Sík Sándor, Magyar irodalom története 20. sz., Műelemzés irodalmi magyar 20. sz., Irodalomtudomány 
856 4 0 |u http://acta.bibl.u-szeged.hu/995/1/hist_litt_hung_023_056-059.pdf  |z Dokumentum-elérés